| 000 | 00855nam a2200241 a 4500 | ||
|---|---|---|---|
| 001 | BRCA_9138 | ||
| 005 | 20190320210531.0 | ||
| 008 | 220118s2017----sp-a######---#000-0#spa-# | ||
| 020 | _a9788469736548 | ||
| 041 | _aspa | ||
| 044 | _asp | ||
| 050 | 4 |
_aNK4340.M3 _b.P54 2017 |
|
| 245 | 1 | 0 |
_aPiezas escogidas. La selección del coleccionista _b10° Aniversario _ctextos Bonaventura Bassegoda, Rosa Ma. Creixell y Ramón Mascort ; fotografía Jordi Mas. |
| 260 |
_aEspaña _bFundació Privada Mascort _c2017 |
||
| 300 |
_a211 p. _bil. a color _c30 cm. |
||
| 504 | _aBibliografía : p. 180-181 | ||
| 546 | _aTexto en : español, catalán e inglés | ||
| 600 | 1 | 4 |
_aMascort, Ramón _d1930- _xColecciones de arte _922518 |
| 700 | 1 |
_aBassegoda, Bonaventura _922519 |
|
| 700 | 1 |
_aCreixell, Rosa Ma. _922520 |
|
| 700 | 1 |
_aMas, Jordi _eil. _922521 |
|
| 942 |
_2lcc _cB |
||
| 999 |
_c8785 _d8785 |
||